Psychology (Record no. 5403)

MARC details
000 -LEADER
fixed length control field 00580nam a22002177a 4500
003 - CONTROL NUMBER IDENTIFIER
control field OSt
005 - DATE AND TIME OF LATEST TRANSACTION
control field 20161115180347.0
008 - FIXED-LENGTH DATA ELEMENTS--GENERAL INFORMATION
fixed length control field 161115b xxu||||| |||| 00| 0 eng d
020 ## - INTERNATIONAL STANDARD BOOK NUMBER
International Standard Book Number 0273710869
020 ## - INTERNATIONAL STANDARD BOOK NUMBER
International Standard Book Number 9780273710868
040 ## - CATALOGING SOURCE
Transcribing agency DDC
082 ## - DEWEY DECIMAL CLASSIFICATION NUMBER
Classification number 150 MAR 2007
100 ## - MAIN ENTRY--PERSONAL NAME
Personal name Martin, G. Neil; Carlson Neil R.; Buskist, William
9 (RLIN) 11296
245 ## - TITLE STATEMENT
Title Psychology
250 ## - EDITION STATEMENT
Edition statement 3rd ed.
260 ## - PUBLICATION, DISTRIBUTION, ETC. (IMPRINT)
Place of publication, distribution, etc. England;
Name of publisher, distributor, etc. Pearson,
Date of publication, distribution, etc. 2007
300 ## - PHYSICAL DESCRIPTION
Extent xxxiii,889p; col.ill:28cm
504 ## - BIBLIOGRAPHY, ETC. NOTE
Bibliography, etc Glossary,references, & indices included
650 ## - SUBJECT ADDED ENTRY--TOPICAL TERM
Topical term or geographic name as entry element Psychology
9 (RLIN) 31
942 ## - ADDED ENTRY ELEMENTS (KOHA)
Source of classification or shelving scheme Other/Generic Classification Scheme
Koha item type Open Shelf
Holdings
Withdrawn status Lost status Source of classification or shelving scheme Damaged status Not for loan Home library Current library Date acquired Source of acquisition Serial Enumeration / chronology Total Checkouts Full call number Barcode Date last seen Date last checked out Koha item type
    Dewey Decimal Classification     MUST Main Library MUST Main Library 15/11/2016   10/32296 2 150 MAR 2007 2016-4943 01/05/2021 13/04/2021 Open Shelf